Long-term and large-scale perspectives on the relationship between biodiversity and ecosystem functioning (Registro nro. 13446)
[ vista simple ]
| 000 -CABECERA | |
|---|---|
| Campo de control | 006230000a22001930004500 |
| 090 ## - CLASIFICACIÓN LOCAL | |
| Colección | AR |
| Consecutivo | 04349 |
| 041 0# - IDIOMA | |
| Código de idioma para texto/pista de sonido o título separado | |
| 100 1# - ASIENTO PRINCIPAL--NOMBRE PERSONAL | |
| Nombre personal | Symstad, Amy J. |
| 245 10 - MENCION DE TITULO | |
| Título | Long-term and large-scale perspectives on the relationship between biodiversity and ecosystem functioning |
| 700 1# - ASIENTO SECUNDARIO - NOMBRE PERSONAL | |
| Nombre personal | Chapin, F. Stuart |
| 700 1# - ASIENTO SECUNDARIO - NOMBRE PERSONAL | |
| Nombre personal | Wall, Diana H. |
| 700 1# - ASIENTO SECUNDARIO - NOMBRE PERSONAL | |
| Nombre personal | Gross, Katherine L. |
| 700 1# - ASIENTO SECUNDARIO - NOMBRE PERSONAL | |
| Nombre personal | Huenneke, Laura F. |
| 700 1# - ASIENTO SECUNDARIO - NOMBRE PERSONAL | |
| Nombre personal | Mittelbach, Gary G. |
| 700 1# - ASIENTO SECUNDARIO - NOMBRE PERSONAL | |
| Nombre personal | Peters, Debra P. |
| 700 1# - ASIENTO SECUNDARIO - NOMBRE PERSONAL | |
| Nombre personal | Tilman, David |
| 773 1# - Item fuente: | |
| Título | BioScience |
| Descripción física | 1 |
| Paginas del Articulo | 89-98 |
| Lugar, editorial y fecha de publicación | 2003 |
| Información sobre la relación | 53 |
| 942 ## - ELEMENTOS ADICIONALES (KOHA) | |
| Tipo de ítem | Artículo |
| Withdrawn status | Lost status | Damaged status | No para préstamo | Colección | Ubicación Permanente | Ubicación actual | Fecha de adquisición | Fuente de Valor | Datos de publicación Seriada | Total Checkouts | Número topográfico | Inventario / Código de Barras | Date last seen | Ejemplar | Price effective from | Forma de adquisición | Tipo de material |
|---|---|---|---|---|---|---|---|---|---|---|---|---|---|---|---|---|---|
| No para Préstamo | Hemeroteca | Bogotá | Bogotá | 25/05/2007 | Armenteras, Dolors | Fuera de circulación | AR 04349 | 024387 | 25/03/2015 | 1 | 25/03/2015 | Artículo |